Cognomi più diffusi in Trentino-Alto Adige - Statistics

Statistiche generali
  • Questo quiz è stato fatto 40 volte
  • Il punteggio medio è 2 su 10
Statistiche sulle risposte
Cognome % Corretto
Rossi
86%
Ferrari
43%
Moser
19%
Pichler
19%
Sartori
16%
Mair
14%
Tomasi
14%
Hofer
11%
Kofler
11%
Gruber
8%
Nessun quiz corrispondente trovato
Distribuzione punteggi
Percentuale di utenti per punteggio
Percentile per numero di risposta
I tuoi punteggi nel tempo
Non hai fatto questo quiz